[Event "4MCR_4D_1L_3S"]
[Site "CR"]
[Date "2000.??.??"]
[Round "?"]
[White "Soucha, Stepan"]
[Black "Bares, Jiri"]
[Result "1/2-1/2"]
[WhiteElo "2305"]
[BlackElo "2225"]
[PlyCount "66"]
[EventDate "2000.??.??"]
[EventType "tourn (corr)"]

1. d4 d5 2. c4 e6 3. Nc3 Nf6 4. Nf3 Be7 5. Bg5 O-O 6. e3 h6 7. Bh4 b6 8. Be2
Bb7 9. Bxf6 Bxf6 10. cxd5 exd5 11. O-O Nd7 12. b4 c5 13. bxc5 bxc5 14. Rb1 Bc6
15. Bb5 Bxb5 16. Rxb5 a6 17. Rb2 cxd4 18. Nxd4 Qa5 19. Nce2 Rfc8 20. Qd2 Qxd2
21. Rxd2 Rab8 22. Rfd1 Bd8 23. Rc1 Rxc1+ 24. Nxc1 Rb1 25. Nde2 Nb6 26. Rd3 Bf6
27. Rb3 Rxb3 28. Nxb3 Kf8 29. Kf1 Ke7 30. Ned4 Nc4 31. Nf5+ Ke8 32. h3 a5 33.
Ke2 h5 1/2-1/2

[Event "4MCR_4D_1L_3S"]
[Site "CR"]
[Date "2000.??.??"]
[Round "?"]
[White "Soucha, Stepan"]
[Black "Beter, Daniel"]
[Result "1-0"]
[WhiteElo "2305"]
[BlackElo "2200"]
[PlyCount "87"]
[EventDate "2000.??.??"]
[EventType "tourn (corr)"]

1. d4 d5 2. c4 e6 3. Nf3 Nf6 4. Nc3 c6 5. Bg5 h6 6. Bh4 dxc4 7. e4 g5 8. Bg3 b5
9. Be2 Nbd7 10. Qc2 Bb7 11. O-O Nh5 12. Rad1 Nxg3 13. hxg3 Bg7 14. d5 O-O 15.
dxe6 fxe6 16. Rd6 Qe7 17. Rfd1 Ne5 18. Bxc4 Nxc4 19. Rd7 Qc5 20. Rxb7 Rfd8 21.
e5 Nxe5 22. Rxd8+ Rxd8 23. Qe4 Nxf3+ 24. gxf3 Kh8 25. Qg6 Qd4 26. Ne4 Rf8 27.
b4 a6 28. Kg2 Qe5 29. Rd7 Kg8 30. Re7 Kh8 31. Rxe6 Qf5 32. Qxf5 Rxf5 33. Rxc6
Kh7 34. Rxa6 Bd4 35. a3 Re5 36. g4 Bb2 37. Nd6 Rd5 38. Nf5 Rd3 39. Rxh6+ Kg8
40. Rb6 Bxa3 41. Rxb5 Rb3 42. Ne3 Rxb4 43. Rxg5+ Kf7 44. Nc2 1-0

[Event "4MCR_4D_1L_3S"]
[Site "CR"]
[Date "2000.??.??"]
[Round "?"]
[White "Soucha, Stepan"]
[Black "Fiala, Jaroslav"]
[Result "1-0"]
[WhiteElo "2305"]
[BlackElo "2425"]
[PlyCount "79"]
[EventDate "2000.??.??"]
[EventType "tourn (corr)"]

1. d4 Nf6 2. c4 g6 3. Nc3 d5 4. Nf3 Bg7 5. Qb3 dxc4 6. Qxc4 O-O 7. e4 Na6 8.
Be2 c5 9. d5 e6 10. O-O exd5 11. exd5 Bf5 12. Be3 Qb6 13. b3 Rfe8 14. Rad1 Ng4
15. Bd2 Ne5 16. Nxe5 Bxe5 17. Be3 Qa5 18. Rc1 Rac8 19. Rfd1 Nb4 20. d6 Red8 21.
Bg4 Bxg4 22. Qxg4 h5 23. Qg5 Bxd6 24. Ne4 Bf8 25. Nf6+ Kh8 26. Nxh5 gxh5 27.
Qxh5+ Kg8 28. Qg4+ Kh7 29. Bg5 Nc6 30. Bf6 Qc7 31. Qh5+ Bh6 32. Bg5 Rd6 33.
Rxd6 Qxd6 34. Qxf7+ Bg7 35. Qf5+ Qg6 36. Qh3+ Bh6 37. Bxh6 Qxh6 38. Qf5+ Kg7
39. Qd7+ Kg6 40. Rd1 1-0

[Event "4MCR_4D_1L_3S"]
[Site "CR"]
[Date "2000.??.??"]
[Round "?"]
[White "Soucha, Stepan"]
[Black "Mezera, Lukas"]
[Result "1-0"]
[WhiteElo "2305"]
[BlackElo "2105"]
[PlyCount "75"]
[EventDate "2000.??.??"]
[EventType "tourn (corr)"]

1. d4 Nf6 2. c4 e6 3. Nf3 b6 4. g3 Ba6 5. b3 b5 6. cxb5 Bxb5 7. Bg2 Bc6 8. O-O
Be7 9. Bg5 O-O 10. Nc3 d5 11. Ne5 Bb7 12. Rc1 Na6 13. Na4 Rb8 14. b4 Nxb4 15.
a3 h6 16. Bf4 Na6 17. Nc6 Qd7 18. Nxb8 Rxb8 19. Ra1 Nh5 20. Be3 Nf6 21. Qc2 Ne8
22. Bf4 Nd6 23. Bxd6 Bxd6 24. Nc5 Qc6 25. Rfc1 Nxc5 26. dxc5 Be7 27. Rab1 Rd8
28. Rb4 Ba6 29. e3 Bb5 30. Rcb1 Ba6 31. Rb8 Rf8 32. Rxf8+ Bxf8 33. Rb8 e5 34.
Qc3 e4 35. Rd8 Bd3 36. h4 Ba6 37. Qd4 Bb7 38. Bh3 1-0

[Event "4MCR_4D_1L_3S"]
[Site "CR"]
[Date "2000.??.??"]
[Round "?"]
[White "Soucha, Stepan"]
[Black "Pesa, Ladislav"]
[Result "1-0"]
[WhiteElo "2305"]
[BlackElo "2325"]
[PlyCount "59"]
[EventDate "2000.??.??"]
[EventType "tourn (corr)"]

1. d4 Nf6 2. c4 c5 3. d5 e6 4. Nc3 exd5 5. cxd5 d6 6. e4 g6 7. f4 Bg7 8. Bb5+
Nfd7 9. a4 O-O 10. Nf3 Nf6 11. h3 a6 12. Bd3 Re8 13. O-O Nbd7 14. Re1 Qc7 15.
Be3 b6 16. Bf2 Bb7 17. Bc4 Nh5 18. g3 Rad8 19. Kh2 Qb8 20. Qd2 Bh6 21. Be3 Bg7
22. Qd3 h6 23. g4 Nhf6 24. Bf2 Qc8 25. Bg3 Kh7 26. e5 dxe5 27. fxe5 Ng8 28. Re3
Nf8 29. Rf1 f6 30. Nh4 1-0

[Event "4MCR_4D_1L_3S"]
[Site "CR"]
[Date "2000.??.??"]
[Round "?"]
[White "Soucha, Stepan"]
[Black "Rybakova, Ivana"]
[Result "1/2-1/2"]
[WhiteElo "2305"]
[BlackElo "2000"]
[PlyCount "47"]
[EventDate "2000.??.??"]
[EventType "tourn (corr)"]

1. d4 Nf6 2. c4 e6 3. Nf3 d5 4. Nc3 c5 5. cxd5 Nxd5 6. e4 Nxc3 7. bxc3 cxd4 8.
cxd4 Bb4+ 9. Bd2 Bxd2+ 10. Qxd2 O-O 11. Rd1 Nc6 12. Be2 Qd6 13. O-O Rd8 14.
Rfe1 Bd7 15. d5 exd5 16. exd5 Ne7 17. Ng5 Bf5 18. Bh5 Ng6 19. Ne4 Bxe4 20. Rxe4
Rac8 21. Qe3 b5 22. h3 a5 23. Bxg6 hxg6 24. Re7 1/2-1/2

[Event "4MCR_4D_1L_3S"]
[Site "CR"]
[Date "2000.??.??"]
[Round "?"]
[White "Soucha, Stepan"]
[Black "Symersky, Petr"]
[Result "1/2-1/2"]
[WhiteElo "2305"]
[BlackElo "2000"]
[PlyCount "53"]
[EventDate "2000.??.??"]
[EventType "tourn (corr)"]

1. d4 Nf6 2. c4 e6 3. Nf3 d5 4. Nc3 Be7 5. Bg5 O-O 6. e3 h6 7. Bh4 b6 8. Be2
Bb7 9. cxd5 exd5 10. Bxf6 Bxf6 11. O-O Qe7 12. Qb3 Rd8 13. Rfd1 c6 14. Bf1 Nd7
15. g3 Nf8 16. Bg2 Ne6 17. Rac1 Rac8 18. Qa4 Ba8 19. b4 c5 20. bxc5 bxc5 21.
dxc5 Rxc5 22. Ne2 d4 23. Nfxd4 Bxg2 24. Nxe6 Rxd1+ 25. Qxd1 Rxc1 26. Qxc1 Qxe6
27. Kxg2 1/2-1/2

[Event "4MCR_4D_1L_3S"]
[Site "CR"]
[Date "2000.??.??"]
[Round "?"]
[White "Staufcik, Robert"]
[Black "Beter, Daniel"]
[Result "1-0"]
[WhiteElo "2000"]
[BlackElo "2200"]
[PlyCount "91"]
[EventDate "2000.??.??"]
[EventType "tourn (corr)"]

1. e4 d5 2. exd5 Nf6 3. d4 Nxd5 4. c4 Nb6 5. Nf3 Bg4 6. Be2 e6 7. O-O Nc6 8.
Nc3 Be7 9. d5 exd5 10. cxd5 Nb4 11. Qd4 Bxf3 12. Qxg7 Bf6 13. Bb5+ c6 14. Re1+
Kd7 15. dxc6+ bxc6 16. Qg3 Re8 17. Qh3+ Re6 18. Rxe6 fxe6 19. Bf1 Bxc3 20. bxc3
Be4 21. Qg4 Nc2 22. Bg5 Qg8 23. Rd1+ Bd5 24. c4 Nxc4 25. Bxc4 Nb4 26. Qf4 Rb8
27. f3 Qf8 28. Qe3 Rb7 29. Qc1 Qg7 30. h4 Rb6 31. a3 Na6 32. Be3 c5 33. Bxd5
exd5 34. Bxc5 Rc6 35. Rxd5+ Kc8 36. Rg5 Qf6 37. Qe3 Rxc5 38. Rxc5+ Nxc5 39.
Qxc5+ Kb7 40. Qd5+ Kb6 41. Qb3+ Kc7 42. Qc2+ Kd8 43. Qd3+ Ke7 44. Qxh7+ Kf8 45.
Qxa7 Qxh4 46. Qb8+ 1-0

[Event "4MCR_4D_1L_3S"]
[Site "CR"]
[Date "2000.??.??"]
[Round "?"]
[White "Staufcik, Robert"]
[Black "Jandovsky, Viktor"]
[Result "1/2-1/2"]
[WhiteElo "2000"]
[BlackElo "2295"]
[PlyCount "49"]
[EventDate "2000.??.??"]
[EventType "tourn (corr)"]

1. e4 c5 2. Nf3 Nc6 3. d4 cxd4 4. Nxd4 Nf6 5. Nc3 d6 6. Bg5 e6 7. Qd2 a6 8.
O-O-O Bd7 9. f4 Be7 10. Nf3 b5 11. Bxf6 gxf6 12. Kb1 Qb6 13. f5 O-O-O 14. g3
Kb8 15. Bh3 Bc8 16. Qh6 Qc5 17. Rhe1 b4 18. Ne2 e5 19. Nc1 Bb7 20. Qh5 Rhf8 21.
Nb3 Qb6 22. Bf1 a5 23. Bc4 a4 24. Nbd2 Na7 25. Bxf7 1/2-1/2

[Event "4MCR_4D_1L_3S"]
[Site "CR"]
[Date "2000.??.??"]
[Round "?"]
[White "Staufcik, Robert"]
[Black "Kosek, Lubomir"]
[Result "1-0"]
[WhiteElo "2000"]
[BlackElo "2115"]
[PlyCount "107"]
[EventDate "2000.??.??"]
[EventType "tourn (corr)"]

1. e4 d6 2. d4 Nf6 3. Nc3 g6 4. Be3 c6 5. Qd2 Bg7 6. f3 O-O 7. g4 b5 8. O-O-O
b4 9. Nce2 Qa5 10. Kb1 c5 11. g5 Nfd7 12. h4 Nb6 13. Nc1 cxd4 14. Bxd4 Bxd4 15.
Nb3 Qe5 16. Nxd4 Bb7 17. Qxb4 N8d7 18. Nh3 a5 19. Qd2 d5 20. f4 Qc7 21. h5 dxe4
22. hxg6 e3 23. gxh7+ Kh8 24. Qh2 Bxh1 25. Qxh1 e5 26. Nb5 Qc5 27. f5 Rac8 28.
c3 Qc6 29. Qxc6 Rxc6 30. Rd3 Kxh7 31. Rxe3 f6 32. Rg3 Nc4 33. Bxc4 Rxc4 34.
gxf6 Rxf6 35. Nd6 Rh4 36. Ng5+ Kh6 37. Nge4 Rh1+ 38. Kc2 Rh2+ 39. Kc1 Rf8 40.
c4 Kh5 41. Rg5+ Kh6 42. Rg1 Kh5 43. c5 Nf6 44. Nxf6+ Rxf6 45. Kb1 Rh4 46. Re1
Kg5 47. Rxe5 Rfh6 48. Re1 Rh7 49. c6 Rc7 50. Rc1 Rh8 51. Nb5 Rcc8 52. c7 Rh7
53. Rc5 a4 54. Kc2 1-0

[Event "4MCR_4D_1L_3S"]
[Site "CR"]
[Date "2000.??.??"]
[Round "?"]
[White "Staufcik, Robert"]
[Black "Mozny, Milos"]
[Result "1-0"]
[WhiteElo "2000"]
[BlackElo "2400"]
[PlyCount "89"]
[EventDate "2000.??.??"]
[EventType "tourn (corr)"]

1. e4 c5 2. Nf3 d6 3. d4 cxd4 4. Nxd4 Nf6 5. Nc3 e6 6. g4 e5 7. Bb5+ Bd7 8.
Bxd7+ Qxd7 9. Nf5 h5 10. gxh5 Nxe4 11. Nxg7+ Bxg7 12. Nxe4 d5 13. h6 dxe4 14.
Qxd7+ Kxd7 15. hxg7 Rg8 16. Rg1 Nc6 17. Be3 Ke6 18. O-O-O Ne7 19. Bc5 Nf5 20.
Bf8 Rc8 21. h4 Rcxf8 22. gxf8=Q Rxf8 23. h5 Rh8 24. Rh1 e3 25. fxe3 Nxe3 26.
Rd3 Ng4 27. Rb3 b6 28. Ra3 e4 29. Rxa7 e3 30. Rb7 f5 31. Rxb6+ Ke5 32. h6 Kf4
33. a4 Kf3 34. Re6 Nf2 35. Re1 Ne4 36. Rf1+ Nf2 37. b4 e2 38. Re1 Ne4 39. Kb2
Kf2 40. Ra1 e1=Q 41. Rxe1 Kxe1 42. a5 Kd2 43. a6 Ke3 44. a7 f4 45. Rb6 1-0

[Event "4MCR_4D_1L_3S"]
[Site "CR"]
[Date "2000.??.??"]
[Round "?"]
[White "Staufcik, Robert"]
[Black "Priesol, Daniel"]
[Result "1/2-1/2"]
[WhiteElo "2000"]
[BlackElo "2260"]
[PlyCount "55"]
[EventDate "2000.??.??"]
[EventType "tourn (corr)"]

1. e4 e5 2. Nf3 Nf6 3. Nxe5 d6 4. Nf3 Nxe4 5. d4 d5 6. Bd3 Be7 7. O-O Nc6 8.
Re1 Bg4 9. c3 f5 10. Qb3 O-O 11. Nbd2 Na5 12. Qa4 Nc6 13. Bb5 Nxd2 14. Nxd2 Qd6
15. h3 Bh5 16. Nb3 Bh4 17. Nc5 Nd8 18. Bf1 c6 19. Nd3 Ne6 20. b3 Rfe8 21. Ne5
Bf6 22. Bd3 g6 23. b4 Qc7 24. Bd2 Bg7 25. Rab1 f4 26. Qc2 Qe7 27. Bf1 Qh4 28.
Qd3 1/2-1/2

[Event "4MCR_4D_1L_3S"]
[Site "CR"]
[Date "2000.??.??"]
[Round "?"]
[White "Staufcik, Robert"]
[Black "Soucha, Stepan"]
[Result "1/2-1/2"]
[WhiteElo "2000"]
[BlackElo "2305"]
[PlyCount "53"]
[EventDate "2000.??.??"]
[EventType "tourn (corr)"]

1. e4 e5 2. Nf3 Nc6 3. Bb5 a6 4. Ba4 Nf6 5. O-O Be7 6. Re1 b5 7. Bb3 d6 8. c3
O-O 9. h3 Re8 10. d4 Bb7 11. Nbd2 Bf8 12. d5 Nb8 13. Nf1 Nbd7 14. Ng3 Nc5 15.
Bc2 c6 16. b4 Ncd7 17. dxc6 Bxc6 18. Bb3 h6 19. Nh2 a5 20. a3 Nb6 21. Ng4 Bd7
22. Qf3 Be6 23. Nxf6+ Qxf6 24. Qxf6 gxf6 25. bxa5 Rxa5 26. Bc2 Nc4 27. Nh5
1/2-1/2

[Event "4MCR_4D_1L_3S"]
[Site "CR"]
[Date "2000.??.??"]
[Round "?"]
[White "Staufcik, Robert"]
[Black "Travnik, Petr"]
[Result "1-0"]
[WhiteElo "2000"]
[BlackElo "2145"]
[PlyCount "75"]
[EventDate "2000.??.??"]
[EventType "tourn (corr)"]

1. e4 c5 2. Nf3 d6 3. d4 cxd4 4. Nxd4 Nf6 5. Nc3 a6 6. Be3 e5 7. Nb3 Be6 8. Qd2
Nc6 9. O-O-O Be7 10. f3 Na5 11. Kb1 Nxb3 12. cxb3 Rc8 13. g4 O-O 14. g5 Nh5 15.
Rg1 b5 16. Nd5 Qe8 17. Be2 Bxd5 18. Qxd5 Qc6 19. Qxc6 Rxc6 20. a4 bxa4 21. bxa4
Nf4 22. Bxf4 exf4 23. Rc1 Rxc1+ 24. Rxc1 a5 25. h4 h6 26. Rc7 Bd8 27. Ra7 Kh7
28. Ra8 hxg5 29. hxg5 Kg6 30. Kc2 Rh8 31. Bd3 Kxg5 32. b4 axb4 33. Kb3 Kh4 34.
a5 Kg3 35. a6 Kxf3 36. Rb8 Rh1 37. Rxd8 Ra1 38. Bb5 1-0

[Event "4MCR_4D_1L_3S"]
[Site "CR"]
[Date "2000.??.??"]
[Round "?"]
[White "Symersky, Petr"]
[Black "Fiala, Jaroslav"]
[Result "1/2-1/2"]
[WhiteElo "2000"]
[BlackElo "2425"]
[PlyCount "78"]
[EventDate "2000.??.??"]
[EventType "tourn (corr)"]

1. d4 Nf6 2. Nf3 e6 3. c4 c5 4. d5 d6 5. Nc3 exd5 6. cxd5 g6 7. g3 Bg7 8. Bg2
O-O 9. O-O Re8 10. Nd2 a6 11. a4 Nbd7 12. h3 Rb8 13. Nc4 Ne5 14. Na3 Nh5 15. e4
Rf8 16. Kh2 Bd7 17. Qe2 f5 18. f4 fxe4 19. fxe5 Rxf1 20. Qxf1 Bxe5 21. Nxe4
Nxg3 22. Nxg3 Qh4 23. Qe1 Re8 24. Be3 Bxa4 25. Bf2 Bxg3+ 26. Bxg3 Rxe1 27. Bxh4
Rxa1 28. Nc4 Rb1 29. Bf6 Kf7 30. Bd8 Bb3 31. Nxd6+ Kf8 32. Bf6 Re1 33. Nc8 b5
34. d6 Rd1 35. Be5 b4 36. Nb6 Be6 37. Bc6 c4 38. d7 Ke7 39. Bd6+ Rxd6 1/2-1/2

[Event "4MCR_4D_1L_3S"]
[Site "CR"]
[Date "2000.??.??"]
[Round "?"]
[White "Symersky, Petr"]
[Black "Kosek, Lubomir"]
[Result "1-0"]
[WhiteElo "2000"]
[BlackElo "2115"]
[PlyCount "65"]
[EventDate "2000.??.??"]
[EventType "tourn (corr)"]

1. d4 Nf6 2. Nf3 g6 3. c4 Bg7 4. g3 O-O 5. Bg2 d6 6. O-O Nbd7 7. Nc3 e5 8. e4
c6 9. h3 Re8 10. Re1 a5 11. Be3 Qc7 12. Qc2 b6 13. Rad1 Ba6 14. b3 b5 15. c5
dxc5 16. dxe5 Nxe5 17. Nxe5 Qxe5 18. f4 Qc7 19. e5 Nd7 20. Rd6 Bb7 21. Red1 Nb6
22. Bxc5 b4 23. Qf2 Nd5 24. Nxd5 cxd5 25. Bxd5 Bxd5 26. R1xd5 Rac8 27. Kh2 Bf8
28. Bb6 Qc1 29. Rd1 Qa3 30. Rd7 Rc1 31. R1d2 Ra1 32. Rc2 Rc1 33. Be3 1-0

[Event "4MCR_4D_1L_3S"]
[Site "CR"]
[Date "2000.??.??"]
[Round "?"]
[White "Symersky, Petr"]
[Black "Mezera, Lukas"]
[Result "1/2-1/2"]
[WhiteElo "2000"]
[BlackElo "2105"]
[PlyCount "84"]
[EventDate "2000.??.??"]
[EventType "tourn (corr)"]

1. d4 Nf6 2. Nf3 e6 3. c4 b6 4. a3 Bb7 5. Nc3 d5 6. cxd5 exd5 7. Bg5 Be7 8.
Qa4+ c6 9. e3 O-O 10. Bd3 Nbd7 11. O-O Re8 12. Rad1 a5 13. Qc2 h6 14. Bf4 Ba6
15. Bxa6 Rxa6 16. e4 dxe4 17. Nxe4 Nxe4 18. Qxe4 b5 19. Rfe1 Nf6 20. Qf5 Nd5
21. Re2 Qc8 22. Qe4 b4 23. a4 f5 24. Qe5 Rd8 25. Qe6+ Qxe6 26. Rxe6 Kf7 27.
Rde1 g5 28. Bc1 Bf6 29. R6e2 Ra7 30. Ne5+ Bxe5 31. Rxe5 f4 32. g3 fxg3 33. hxg3
Re7 34. f4 Rxe5 35. dxe5 gxf4 36. gxf4 Nb6 37. b3 Ke6 38. Kf2 h5 39. Be3 Nd5
40. Rg1 Nc3 41. Rg6+ Kf5 42. Rf6+ Ke4 1/2-1/2

[Event "4MCR_4D_1L_3S"]
[Site "CR"]
[Date "2000.??.??"]
[Round "?"]
[White "Symersky, Petr"]
[Black "Odehnal, Miroslav"]
[Result "1/2-1/2"]
[WhiteElo "2000"]
[BlackElo "2440"]
[PlyCount "46"]
[EventDate "2000.??.??"]
[EventType "tourn (corr)"]

1. d4 Nf6 2. c4 e6 3. Nc3 Bb4 4. g3 c5 5. Nf3 cxd4 6. Nxd4 Ne4 7. Qd3 Bxc3+ 8.
bxc3 Nc5 9. Qe3 b6 10. Nb5 O-O 11. Bg2 Bb7 12. Bxb7 Nxb7 13. Ba3 Re8 14. Rd1
Nc6 15. O-O Nca5 16. Qd3 a6 17. Nd6 Nxd6 18. Bxd6 Qc8 19. c5 b5 20. e4 Qc6 21.
Rb1 Nc4 22. Rfd1 Nxd6 23. Qxd6 Rec8 1/2-1/2

[Event "4MCR_4D_1L_3S"]
[Site "CR"]
[Date "2000.??.??"]
[Round "?"]
[White "Symersky, Petr"]
[Black "Pesa, Ladislav"]
[Result "1/2-1/2"]
[WhiteElo "2000"]
[BlackElo "2325"]
[PlyCount "82"]
[EventDate "2000.??.??"]
[EventType "tourn (corr)"]

1. d4 Nf6 2. c4 c5 3. d5 b5 4. cxb5 a6 5. b6 d6 6. Nc3 Nbd7 7. e4 g6 8. a4 Qxb6
9. a5 Qb4 10. Ra4 Qb8 11. Nf3 Bg7 12. h3 O-O 13. Bc4 Ne8 14. O-O Nc7 15. Qe2
Ra7 16. Bd2 Rb7 17. b3 Ne5 18. Nxe5 Bxe5 19. Ra2 Bd7 20. Na4 Bxa4 21. Rxa4 Nb5
22. Qd3 Qc7 23. f4 Bd4+ 24. Kh1 Qd7 25. Ra2 f5 26. e5 dxe5 27. fxe5 Bxe5 28.
d6+ Kh8 29. dxe7 Re8 30. Qxd7 Rxd7 31. Bg5 Kg7 32. Re2 Bd4 33. Re6 h6 34. Bf4
Rdxe7 35. Rxa6 Na3 36. Bd3 Re1 37. g3 g5 38. Bd6 Nb1 39. Rxe1 Rxe1+ 40. Kh2 Nd2
41. Ra7+ Kf6 1/2-1/2

[Event "4MCR_4D_1L_3S"]
[Site "CR"]
[Date "2000.??.??"]
[Round "?"]
[White "Symersky, Petr"]
[Black "Staufcik, Robert"]
[Result "1/2-1/2"]
[WhiteElo "2000"]
[BlackElo "2000"]
[PlyCount "64"]
[EventDate "2000.??.??"]
[EventType "tourn (corr)"]

1. d4 d5 2. c4 dxc4 3. e3 e6 4. Bxc4 c5 5. Nf3 Nf6 6. Qe2 a6 7. dxc5 Bxc5 8.
O-O Nc6 9. a3 b5 10. Bd3 Bd6 11. Rd1 Bb7 12. e4 Qc7 13. Nc3 Ng4 14. h3 Nge5 15.
Nxe5 Bxe5 16. Be3 O-O 17. Rac1 Rfd8 18. Qh5 Rd7 19. Nd5 Qd8 20. Bb6 Qb8 21. Nc3
g6 22. Qh4 Nd4 23. Ne2 Nxe2+ 24. Bxe2 Rd6 25. Rxd6 Qxd6 26. Bc7 Qd4 27. Bxe5
Qxe5 28. Bf3 Qxb2 29. Rc7 Qa1+ 30. Kh2 Qe5+ 31. Qg3 Qxg3+ 32. Kxg3 Rb8 1/2-1/2

[Event "4MCR_4D_1L_3S"]
[Site "CR"]
[Date "2000.??.??"]
[Round "?"]
[White "Symersky, Petr"]
[Black "Travnik, Petr"]
[Result "0-1"]
[WhiteElo "2000"]
[BlackElo "2145"]
[PlyCount "50"]
[EventDate "2000.??.??"]
[EventType "tourn (corr)"]

1. d4 Nf6 2. c4 g6 3. Nf3 Bg7 4. g3 O-O 5. Bg2 d5 6. O-O dxc4 7. Na3 Nc6 8.
Nxc4 Be6 9. b3 a5 10. Bb2 Bd5 11. Rc1 a4 12. bxa4 Ra6 13. a3 Qa8 14. a5 Rc8 15.
Ne3 Be4 16. d5 Nxa5 17. Bh3 Rd8 18. Bxf6 Bxf6 19. Rxc7 b5 20. Nd4 Bxd5 21. Rc8
Rxc8 22. Bxc8 Rb6 23. Ndf5 e6 24. Nh6+ Kg7 25. Nhg4 Bc3 0-1

[Event "4MCR_4D_1L_3S"]
[Site "CR"]
[Date "2000.??.??"]
[Round "?"]
[White "Travnik, Petr"]
[Black "Beter, Daniel"]
[Result "1/2-1/2"]
[WhiteElo "2145"]
[BlackElo "2200"]
[PlyCount "66"]
[EventDate "2000.??.??"]
[EventType "tourn (corr)"]

1. d4 d5 2. c4 c6 3. Nf3 Nf6 4. Nc3 dxc4 5. a4 Bf5 6. e3 e6 7. Bxc4 Bb4 8. O-O
Nbd7 9. Qe2 O-O 10. e4 Bg6 11. Bd3 Bh5 12. e5 Nd5 13. Ne4 Be7 14. Ng3 Bg6 15.
Bxg6 fxg6 16. a5 Nb8 17. Ne4 Na6 18. Bd2 Qd7 19. Rfd1 h6 20. Ne1 g5 21. Nd3
Rad8 22. Qg4 Kh8 23. Ndc5 Bxc5 24. dxc5 Qf7 25. Rac1 Rd7 26. Qg3 Nac7 27. Nd6
Qh5 28. f3 Nf4 29. Bxf4 gxf4 30. Qe1 Nd5 31. Qe4 g5 32. h3 a6 33. Rd2 Rg8
1/2-1/2

[Event "4MCR_4D_1L_3S"]
[Site "CR"]
[Date "2000.??.??"]
[Round "?"]
[White "Travnik, Petr"]
[Black "Jandovsky, Viktor"]
[Result "1-0"]
[WhiteElo "2145"]
[BlackElo "2295"]
[PlyCount "51"]
[EventDate "2000.??.??"]
[EventType "tourn (corr)"]

1. d4 Nf6 2. c4 g6 3. Nc3 Bg7 4. e4 O-O 5. f3 d6 6. Be3 e5 7. d5 c6 8. Bd3 cxd5
9. cxd5 Nbd7 10. Nge2 a6 11. Qd2 b5 12. b4 Nh5 13. O-O f5 14. a4 bxa4 15. Rxa4
fxe4 16. Nxe4 Ndf6 17. Rfa1 Nxe4 18. fxe4 Rb8 19. Ng3 Nxg3 20. hxg3 Qd7 21.
Bxa6 Qg4 22. Ba7 Ra8 23. Qe3 Rf7 24. Be2 Qd7 25. Qd2 Bb7 26. b5 1-0

[Event "4MCR_4D_1L_3S"]
[Site "CR"]
[Date "2000.??.??"]
[Round "?"]
[White "Travnik, Petr"]
[Black "Kosek, Lubomir"]
[Result "1-0"]
[WhiteElo "2145"]
[BlackElo "2115"]
[PlyCount "65"]
[EventDate "2000.??.??"]
[EventType "tourn (corr)"]

1. d4 Nf6 2. c4 g6 3. Nc3 Bg7 4. e4 d6 5. f3 O-O 6. Be3 c6 7. Bd3 Nbd7 8. Nge2
e5 9. Qd2 a6 10. d5 cxd5 11. cxd5 b5 12. b4 Bb7 13. O-O Nb6 14. a4 bxa4 15.
Nxa4 Nbd7 16. Nb2 Ne8 17. Nc4 Bc8 18. Na5 Nb6 19. Nc6 Qc7 20. Qa2 Kh8 21. Rfc1
f5 22. Qa5 Nd7 23. Qxc7 Nxc7 24. Ne7 Bf6 25. Nxg6+ hxg6 26. Rxc7 f4 27. Bf2 Bd8
28. Rc6 Be7 29. b5 a5 30. b6 Rb8 31. Rxa5 Bd8 32. Ra7 Nc5 33. Nxf4 1-0

[Event "4MCR_4D_1L_3S"]
[Site "CR"]
[Date "2000.??.??"]
[Round "?"]
[White "Travnik, Petr"]
[Black "Mozny, Milos"]
[Result "1-0"]
[WhiteElo "2145"]
[BlackElo "2400"]
[PlyCount "79"]
[EventDate "2000.??.??"]
[EventType "tourn (corr)"]

1. d4 d5 2. c4 e6 3. Nc3 c5 4. cxd5 cxd4 5. Qxd4 Nc6 6. Qd1 exd5 7. Qxd5 Bd7 8.
Nf3 Nf6 9. Qd1 Bc5 10. e3 Qe7 11. a3 O-O-O 12. Qc2 Kb8 13. Be2 Rc8 14. O-O g5
15. b4 Bb6 16. Bb2 g4 17. Nh4 Qe6 18. Rfd1 Rhd8 19. Qd3 Ne5 20. Qd6+ Bc7 21.
Qxe6 fxe6 22. Nb5 Bxb5 23. Bxb5 Ne4 24. Be2 Ng5 25. Rxd8 Rxd8 26. Rd1 Ngf7 27.
Rxd8+ Bxd8 28. g3 Kc7 29. h3 h5 30. Ng2 Bf6 31. Bxe5+ Bxe5 32. hxg4 hxg4 33.
Bxg4 Kd6 34. Bh5 Nd8 35. Ne1 Bc3 36. Nc2 a5 37. bxa5 Bxa5 38. f4 b5 39. Be2 Kc5
40. Nd4 1-0

[Event "4MCR_4D_1L_3S"]
[Site "CR"]
[Date "2000.??.??"]
[Round "?"]
[White "Travnik, Petr"]
[Black "Priesol, Daniel"]
[Result "1/2-1/2"]
[WhiteElo "2145"]
[BlackElo "2260"]
[PlyCount "116"]
[EventDate "2000.??.??"]
[EventType "tourn (corr)"]

1. d4 Nf6 2. c4 g6 3. Nc3 d5 4. Nf3 Bg7 5. Qb3 dxc4 6. Qxc4 O-O 7. e4 Na6 8.
Be2 c5 9. d5 e6 10. O-O exd5 11. exd5 Re8 12. Be3 Qb6 13. Rad1 Bf5 14. d6 h6
15. Na4 Qc6 16. b3 Rac8 17. Qc1 Kh7 18. Nc3 Nd7 19. Bb5 Qb6 20. Bc4 Qa5 21. Bd2
Nb4 22. a3 Nd3 23. Qa1 N3e5 24. Nxe5 Nxe5 25. Nb5 Qa6 26. Bc3 Nxc4 27. bxc4
Bxc3 28. Qxc3 Red8 29. Rfe1 Qa4 30. d7 Rxd7 31. Rxd7 Bxd7 32. Nd6 Be6 33. Nxc8
Bxc8 34. Qe3 Qxc4 35. Rc1 Qa4 36. Qxc5 Be6 37. h3 a6 38. Qb4 Qd7 39. Qf4 Qd3
40. Rc7 Qxa3 41. Rxb7 Qa1+ 42. Kh2 Bd5 43. Ra7 Be6 44. Qd6 Bc4 45. Qc5 Be6 46.
Ra8 h5 47. f4 Qb2 48. Qe5 Qxe5 49. fxe5 Bc4 50. h4 Kg7 51. Kg3 Bf1 52. Kf3 Bc4
53. Ra7 Bd5+ 54. Kf4 Bc4 55. g3 Kg8 56. Ke4 Kg7 57. Kd4 Be6 58. Rxa6 Bg4
1/2-1/2

[Event "4MCR_4D_1L_3S"]
[Site "CR"]
[Date "2000.??.??"]
[Round "?"]
[White "Travnik, Petr"]
[Black "Rybakova, Ivana"]
[Result "1/2-1/2"]
[WhiteElo "2145"]
[BlackElo "2000"]
[PlyCount "51"]
[EventDate "2000.??.??"]
[EventType "tourn (corr)"]

1. d4 Nf6 2. c4 e6 3. Nf3 d5 4. Nc3 c5 5. cxd5 Nxd5 6. e4 Nxc3 7. bxc3 cxd4 8.
cxd4 Bb4+ 9. Bd2 Bxd2+ 10. Qxd2 O-O 11. Bc4 Nc6 12. O-O b6 13. Rfe1 Bb7 14.
Rad1 Ne7 15. d5 exd5 16. exd5 Nf5 17. Ne5 Nd6 18. Nc6 Qf6 19. Bb3 Rfe8 20.
Rxe8+ Nxe8 21. Re1 Nd6 22. f4 Re8 23. Rxe8+ Nxe8 24. Nxa7 Qa1+ 25. Bd1 Nd6 26.
Nc6 1/2-1/2

[Event "4MCR_4D_1L_3S"]
[Site "CR"]
[Date "2000.??.??"]
[Round "?"]
[White "Travnik, Petr"]
[Black "Soucha, Stepan"]
[Result "0-1"]
[WhiteElo "2145"]
[BlackElo "2305"]
[PlyCount "54"]
[EventDate "2000.??.??"]
[EventType "tourn (corr)"]

1. d4 d5 2. c4 e6 3. Nc3 Nf6 4. Nf3 Be7 5. Bf4 O-O 6. e3 c5 7. dxc5 Bxc5 8. a3
Nc6 9. b4 Be7 10. cxd5 exd5 11. Be2 Be6 12. Nd4 a5 13. Nxe6 fxe6 14. b5 Nb8 15.
O-O Nbd7 16. Bf3 Rc8 17. Na4 Qe8 18. h3 Qg6 19. Qd2 Qc2 20. Qxc2 Rxc2 21. Rfc1
Rfc8 22. Rxc2 Rxc2 23. Kf1 Kf7 24. Bd1 Rc8 25. Ke2 Ne4 26. f3 Nd6 27. Kd2 Nc4+
0-1

[Event "4MCR_4D_1L_4S"]
[Site "CR"]
[Date "2000.??.??"]
[Round "?"]
[White "Alexa, Jaroslav"]
[Black "Hladik, Josef"]
[Result "1/2-1/2"]
[WhiteElo "2340"]
[BlackElo "2180"]
[PlyCount "59"]
[EventDate "2000.??.??"]
[EventType "tourn (corr)"]

1. d4 Nf6 2. Nf3 d5 3. c4 c6 4. Nc3 e6 5. Bg5 h6 6. Bxf6 Qxf6 7. e3 Nd7 8. Bd3
dxc4 9. Bxc4 Bd6 10. O-O Qe7 11. Ne4 Bc7 12. Rc1 O-O 13. Qc2 Rd8 14. Rfd1 a5
15. Bb3 Nf8 16. a3 Ng6 17. Nc5 b6 18. Nd3 Bb7 19. Nde1 Rac8 20. Qb1 Nh4 21. Bc2
Nxf3+ 22. Nxf3 Bd6 23. h3 c5 24. Bh7+ Kh8 25. Be4 Ba6 26. dxc5 Rxc5 27. Nd4
Rxc1 28. Rxc1 Rc8 29. Rxc8+ Bxc8 30. Qd1 1/2-1/2